|
|
|
|
| LEADER |
00000nam a2200000Ia 4500 |
| 008 |
141002s1988 cr 000 | und d |
| 999 |
|
|
|c 1763
|d 1763
|
| 090 |
|
|
|a 06.03.06
|b 157
|
| 110 |
2 |
|
|a Universidad de Costa Rica. Rectoría. Oficina de Planificación Universitaria.
|9 3589
|
| 245 |
1 |
0 |
|a Perfil del funcionario universitario /
|c Universidad de Costa Rica. Rectoría. Oficina de Planificación Universitaria.
|
| 260 |
|
|
|a San José, Costa Rica :
|b Oficina de Publicaciones de la Universidad de Costa Rica,
|c 1988
|
| 300 |
|
|
|a 84 páginas
|
| 610 |
1 |
4 |
|a UNIVERSIDAD DE COSTA RICA
|9 714
|
| 650 |
1 |
4 |
|a EDUCACIÓN SUPERIOR
|9 8
|
| 650 |
1 |
4 |
|a TRABAJADORES
|9 933
|
| 942 |
|
|
|i 00155
|h 06.03.06 157
|2 z
|c 01
|